Villes de Mayenne en images - Statistiques

Statistiques générales
  • Ce quiz a été pris 155 fois
  • Le résultat moyen est 9 sur 18
Statistiques - réponses
Par images Hint Réponse % Correct
L Laval
98%
M Mayenne
96%
C Chateau-Gontier-sur-Mayenne
83%
É Évron
74%
C Craon
69%
J Jublains
67%
C Cossé-le-Vivien
63%
S (et) C Sainte-Suzanne-et-Chammes
62%
E Ernée
61%
G Gorron
41%
E Entrammes
40%
M Meslay-du-Maine
31%
S Saint-Berthevin
31%
M Montsûrs
27%
A Ambrières-les-Vallées
20%
A Argentré
20%
R Renazé
18%
A Andouillé
11%
Aucun quiz correspondant
Distribution des résultats
% des personnes avec chaque résultat
Percentile par nombre de réponses
Votre historique - résultats
Vous n’avez pas pris ce quiz